ARRUPE JESUIT UNIVERSITY

CORONAVIRUS -STOP THE SPREAD - CLEAN,DISINFECT,COVER

The joy of priesthood / (Record no. 125091)

MARC details
000 -LEADER
fixed length control field 01599cam a22003254a 4500
001 - CONTROL NUMBER
control field 13927013
003 - CONTROL NUMBER IDENTIFIER
control field ARRUPE
005 - DATE AND TIME OF LATEST TRANSACTION
control field 20160909110814.0
008 - FIXED-LENGTH DATA ELEMENTS--GENERAL INFORMATION
fixed length control field 050412s2005 inu b 000 0 eng
010 ## - LIBRARY OF CONGRESS CONTROL NUMBER
LC control number 2005010274
015 ## - NATIONAL BIBLIOGRAPHY NUMBER
National bibliography number GBA561091
Source bnb
016 7# - NATIONAL BIBLIOGRAPHIC AGENCY CONTROL NUMBER
Record control number 013256171
Source Uk
020 ## - INTERNATIONAL STANDARD BOOK NUMBER
International Standard Book Number 159471066X (pbk.)
035 ## - SYSTEM CONTROL NUMBER
System control number (OCoLC)ocm59712347
040 ## - CATALOGING SOURCE
Original cataloging agency DLC
Transcribing agency DLC
Modifying agency OCLCQ
-- UKM
-- BAKER
-- C#P
-- DLC
042 ## - AUTHENTICATION CODE
Authentication code pcc
050 00 - LIBRARY OF CONGRESS CALL NUMBER
Classification number BX1912
Item number .R675 2005
082 00 - DEWEY DECIMAL CLASSIFICATION NUMBER
Classification number 253/.2/088282
Edition number 22
300 ## - PHYSICAL DESCRIPTION
Dimensions 22 cm.
100 1# - MAIN ENTRY--PERSONAL NAME
Personal name Rossetti, Stephen J.,
Dates associated with a name 1951-
9 (RLIN) 25342
245 14 - TITLE STATEMENT
Title The joy of priesthood /
Statement of responsibility, etc Stephen J. Rossetti.
260 ## - PUBLICATION, DISTRIBUTION, ETC. (IMPRINT)
Place of publication, distribution, etc Notre Dame, Ind. :
Name of publisher, distributor, etc Ave Maria Press,
Date of publication, distribution, etc c2005.
300 ## - PHYSICAL DESCRIPTION
Extent 221 p. ;
504 ## - BIBLIOGRAPHY, ETC. NOTE
Bibliography, etc Includes bibliographical references (p. 216-221).
505 0# - FORMATTED CONTENTS NOTE
Formatted contents note Priesthood is difficult -- A work of ultimate concern -- Men of prayer -- The priest as a friend of God : today's struggle for priestly identity -- Self-will run riot -- The priestly call to passionate living and loving -- The priest as a male : in an era of the ascending feminine -- The priest as man of communion -- The priest among the people : a spirituality of priestly ministry -- The priest as a grateful person : developing a Eucharistic heart -- When things go wrong -- Renewal of the priesthood -- A priesthood of joy.
610 20 - SUBJECT ADDED ENTRY--CORPORATE NAME
Corporate name or jurisdiction name as entry element Catholic Church
General subdivision Clergy.
9 (RLIN) 25343
650 #0 - SUBJECT ADDED ENTRY--TOPICAL TERM
Topical term or geographic name as entry element Priesthood
General subdivision Catholic Church.
9 (RLIN) 25344
906 ## - LOCAL DATA ELEMENT F, LDF (RLIN)
a 7
b cbc
c orignew
d 1
e ecip
f 20
g y-gencatlg
942 ## - ADDED ENTRY ELEMENTS (KOHA)
Source of classification or shelving scheme Library of Congress Classification
Koha item type Monograph ( Printed materials)
Holdings
Withdrawn status Lost status Source of classification or shelving scheme Damaged status Not for loan Collection code Home library Current library Shelving location Date acquired Total Checkouts Full call number Barcode Date last seen Price effective from Koha item type
    Library of Congress Classification     Main Collection ARRUPE LIBRARY ARRUPE LIBRARY Main Collection 23/08/2016   BX1912 .R675 2005 46500010245 22/11/2017 23/08/2016 Monograph ( Printed materials)

 

Arrupe Library. PO Box MP320 Mt Pleasant, Harare, Zimbabwe
263 242 745411|librarian@aju.ac.zw